Top 15 most popular pizza toppings - Statistics

General Stats
  • This quiz has been taken 146 times
  • The average score is 8 of 15
Answer Stats
Hint Answer % Correct
# 1 Pepperoni
91%
# 9 Pineapple
91%
# 13 Ham
90%
# 4 Sausage
81%
# 5 Bacon
72%
# 11 Chicken
71%
# 3 Onions
64%
# 2 Mushrooms
62%
#15 Beef
51%
# 8 Green Peppers
33%
# 10 Spinach
33%
# 7 Black Olives
25%
# 12 Basil
21%
# 6 Extra Cheese
18%
# 14 Pesto
5%
No matching quizzes found
Score Distribution
Percent of People with Each Score
Percentile by Number Answered
Your Score History
You have not taken this quiz